[Event "DVM U10 2013"]
[Site "Magdeburg GER"]
[Date "2013.12.27"]
[Round "1"]
[White "Raichle, Simon"]
[Black "Müller, Nikica"]
[Result "0-1"]
[Termination "normal"]
[Board "22.4"]
[WhiteElo "731"]
[BlackElo "871"]
[WhiteTeam "Spvgg Rommelshausen"]
[BlackTeam "SK Bremen-West"]
[BlackFideId "16235819"]
[EventCountry "GER"]
[EventRounds "6"]
[EventType "team-swiss"]
[EventDate "2013.12.27"]

1. e4 e5 2. Nf3 Nc6 3. Bc4 Nf6 4. Nc3 Bb4 5. O-O O-O 6. d3 d6 7. Bg5 Bxc3 8.
bxc3 h6 9. Bh4 Bd7 10. Rb1 Rb8 11. Bb5 Na5 12. c4 Bxb5 13. Rxb5 c6 14. Rb1 c5
15. Rb5 Nc6 16. Nd2 Nd4 17. Rb2 b5 18. Qe1 bxc4 19. dxc4 Rxb2 20. Qc1 Ne2+ 21.
Kh1 Nxc1 22. Rxc1 Rxa2 23. Nf1 Qa5 24. f3 Ra1 25. Rxa1 Qxa1 26. Kg1 Qd4+ 27.
Bf2 Qxc4 28. Ne3 Qb4 29. Nd1 Qb1 30. Be1 Qxd1 31. Kf1 Qxc2 32. h3 Rb8 33. Kg1
Rb2 34. Kh2 Qxg2# 0-1

[Event "DVM U10 2013"]
[Site "Magdeburg GER"]
[Date "2013.12.27"]
[Round "1"]
[White "Krüger, Oliver"]
[Black "Grabbel, Lennart"]
[Result "0-1"]
[Termination "normal"]
[Board "23.1"]
[WhiteElo "771"]
[BlackElo "1221"]
[WhiteTeam "SF Hettstedt"]
[BlackTeam "Hamburger SK"]
[WhiteFideId "16246985"]
[BlackFideId "16201620"]
[EventCountry "GER"]
[EventRounds "6"]
[EventType "team-swiss"]
[EventDate "2013.12.27"]

1. e4 e5 2. Nf3 Nc6 3. Bb5 a6 4. Bxc6 dxc6 5. d3 Bd6 6. Nc3 Nf6 7. Bd2 Bg4 8.
h3 Bh5 9. g4 Bg6 10. Qe2 Qd7 11. O-O-O Bb4 12. a3 Bd6 13. Be3 O-O-O 14. Bg5 Qe7
15. Bh4 Kb8 16. d4 exd4 17. Nxd4 Be5 18. Nf3 Bxc3 19. e5 Ba5 20. Rxd8+ Rxd8 21.
Nd2 Bb6 22. Qf3 Qc5 23. exf6 Qxc2# 0-1

[Event "DVM U10 2013"]
[Site "Magdeburg GER"]
[Date "2013.12.27"]
[Round "1"]
[White "Müller, Marvin"]
[Black "Graw, Alexander"]
[Result "1-0"]
[Termination "normal"]
[Board "23.2"]
[WhiteElo "871"]
[BlackElo "600"]
[WhiteTeam "Hamburger SK"]
[BlackTeam "SF Hettstedt"]
[WhiteFideId "16214528"]
[BlackFideId "16227670"]
[EventCountry "GER"]
[EventRounds "6"]
[EventType "team-swiss"]
[EventDate "2013.12.27"]

1. e4 e5 2. Nf3 Nc6 3. Bc4 Nf6 4. Nc3 Bc5 5. d3 d6 6. h3 Qe7 7. Bg5 h6 8. Nd5
Qd8 9. Bh4 Be6 10. O-O O-O 11. c3 Bxd5 12. Bxd5 Qd7 13. Bxf6 gxf6 14. d4 exd4
15. cxd4 Bb6 16. Bxc6 Qxc6 17. d5 Qc4 18. Nd2 Qd4 19. Qg4+ Kh8 20. Nf3 Qc5 21.
Qh5 Kh7 22. Qf5+ Kg7 23. Rac1 Qa5 24. a3 Be3 25. fxe3 Qb6 26. Rce1 Qxb2 27.
Qg4+ Kh8 28. Qh5 Kh7 29. Nh4 Rg8 30. Qxf7+ Rg7 31. Qxf6 Rgg8 32. Qxb2 1-0

[Event "DVM U10 2013"]
[Site "Magdeburg GER"]
[Date "2013.12.27"]
[Round "1"]
[White "Gartenbach, Robin"]
[Black "Dietrich, Leif"]
[Result "0-1"]
[Termination "normal"]
[Board "23.3"]
[WhiteElo "600"]
[BlackElo "779"]
[WhiteTeam "SF Hettstedt"]
[BlackTeam "Hamburger SK"]
[BlackFideId "16293860"]
[EventCountry "GER"]
[EventRounds "6"]
[EventType "team-swiss"]
[EventDate "2013.12.27"]

1. Nf3 c5 2. d3 Nc6 3. Bf4 d6 4. Nh4 Nf6 5. Nc3 h6 6. Nb5 a6 7. Nf5 Bxf5 8. g3
axb5 9. Bg2 e5 10. Bf3 d5 11. b3 d4 12. Bxc6+ bxc6 13. Bd2 Bd6 14. h3 O-O 15.
g4 Bh7 16. g5 hxg5 17. Bxg5 Qe7 18. Rg1 e4 19. Bh4 exd3 20. Kd2 Bf4+ 21. Ke1
dxe2 22. Qxe2 Rfe8 23. Qxe7 Rxe7+ 24. Kd1 Rae8 25. f3 Re2 26. Bxf6 Bxc2# 0-1

[Event "DVM U10 2013"]
[Site "Magdeburg GER"]
[Date "2013.12.27"]
[Round "1"]
[White "Weber, Kian"]
[Black "Kögler, Lukas"]
[Result "1-0"]
[Termination "normal"]
[Board "23.4"]
[WhiteElo "600"]
[BlackElo "600"]
[WhiteTeam "Hamburger SK"]
[BlackTeam "SF Hettstedt"]
[WhiteFideId "16234928"]
[EventCountry "GER"]
[EventRounds "6"]
[EventType "team-swiss"]
[EventDate "2013.12.27"]

1. e4 e5 2. Nf3 Nc6 3. Bc4 d6 4. d3 Bd7 5. Nc3 Nf6 6. Bg5 Be7 7. Qd2 O-O 8. O-O
h6 9. Bxh6 gxh6 10. Qxh6 Ng4 11. Qh5 Nf6 12. Qg5+ Kh8 13. Qh6+ Kg8 14. Ng5 Qe8
15. Nd5 Nh7 16. Qxh7# 1-0

[Event "DVM U10 2013"]
[Site "Magdeburg GER"]
[Date "2013.12.27"]
[Round "1"]
[White "Giss, Alexander"]
[Black "Späth, Carl-Luca"]
[Result "1-0"]
[Termination "normal"]
[Board "24.1"]
[WhiteElo "1008"]
[BlackElo "784"]
[WhiteTeam "SF Bremer Osten"]
[BlackTeam "SK Neumarkt e.V."]
[WhiteFideId "16260414"]
[EventCountry "GER"]
[EventRounds "6"]
[EventType "team-swiss"]
[EventDate "2013.12.27"]

1. e4 e5 2. Nf3 Nc6 3. Bc4 Bc5 4. c3 d6 5. h3 b6 6. Bb5 Bb7 7. d4 exd4 8. cxd4
Bb4+ 9. Nc3 Nf6 10. Bg5 O-O 11. O-O h6 12. Bh4 Ne7 13. Bxf6 gxf6 14. Qd2 Bxc3
15. bxc3 Bxe4 16. Qf4 Bd5 17. c4 Ng6 18. Qg3 Be4 19. Rfe1 Qe7 20. Bc6 f5 21.
Bxa8 Rxa8 22. Nd2 c6 23. f3 d5 24. fxe4 fxe4 25. cxd5 cxd5 26. Re2 Rd8 27. Qc3
Nf4 28. Qg3+ Ng6 29. Qe3 Kh7 30. Rae1 Rg8 31. Nxe4 dxe4 32. Qxe4 Qf6 33. Rf2
Qd6 34. Rxf7+ Kh8 35. Re3 h5 36. h4 a5 37. d5 {nicht mehr nachvollziehbar} 1-0

[Event "DVM U10 2013"]
[Site "Magdeburg GER"]
[Date "2013.12.27"]
[Round "1"]
[White "Lenz, Sebastian"]
[Black "Block, Timo"]
[Result "1/2-1/2"]
[Termination "normal"]
[Board "24.2"]
[WhiteElo "751"]
[BlackElo "930"]
[WhiteTeam "SK Neumarkt e.V."]
[BlackTeam "SF Bremer Osten"]
[BlackFideId "16201116"]
[EventCountry "GER"]
[EventRounds "6"]
[EventType "team-swiss"]
[EventDate "2013.12.27"]

1. e4 e5 2. Nf3 Nc6 3. Nc3 Nf6 4. Bc4 Bc5 5. d3 h6 6. Be3 Bb6 7. d4 d6 8. d5
Ne7 9. Bxb6 axb6 10. Bb5+ c6 11. Ba4 O-O 12. dxc6 bxc6 13. O-O Bg4 14. h3 Bd7
15. Nh4 b5 16. Bb3 Qc7 17. Ne2 Ng6 18. Nxg6 Rfe8 19. Ng3 Be6 20. Bxe6 Rxe6
1/2-1/2

[Event "DVM U10 2013"]
[Site "Magdeburg GER"]
[Date "2013.12.27"]
[Round "1"]
[White "Pfluger, Jan"]
[Black "Franke, Josef"]
[Result "1-0"]
[Termination "normal"]
[Board "24.3"]
[WhiteElo "905"]
[BlackElo "815"]
[WhiteTeam "SF Bremer Osten"]
[BlackTeam "SK Neumarkt e.V."]
[WhiteFideId "16218299"]
[EventCountry "GER"]
[EventRounds "6"]
[EventType "team-swiss"]
[EventDate "2013.12.27"]

1. e4 e5 2. Nf3 Nc6 3. Bc4 Bc5 4. c3 Nf6 5. d4 exd4 6. cxd4 Bb4+ 7. Nc3 Nxe4 8.
Qe2 f5 9. O-O Bxc3 10. bxc3 d5 11. Bb3 Ne7 12. Ng5 Nxg5 13. Bxg5 O-O 14. Bxe7
Qe8 15. Bxd5+ Kh8 16. Rfe1 Qd7 17. Bxf8 h6 18. Bc5 Qd8 19. Qe7 Bd7 20. Qxd8+
1-0

[Event "DVM U10 2013"]
[Site "Magdeburg GER"]
[Date "2013.12.27"]
[Round "1"]
[White "Burger, Daiana"]
[Black "Koch, Nico"]
[Result "0-1"]
[Termination "normal"]
[Board "24.4"]
[WhiteElo "733"]
[BlackElo "600"]
[WhiteTeam "SK Neumarkt e.V."]
[BlackTeam "SF Bremer Osten"]
[WhiteFideId "16217233"]
[EventCountry "GER"]
[EventRounds "6"]
[EventType "team-swiss"]
[EventDate "2013.12.27"]

1. e4 e5 2. Nf3 Nc6 3. Nc3 Nf6 4. Bb5 d5 5. Nxe5 Bd7 6. exd5 Nxe5 7. O-O Bxb5
8. d3 Bd7 9. d4 Neg4 10. Qe2+ Be7 11. Bg5 O-O 12. Bxf6 Bxf6 13. Ne4 Bxd4 14.
Rad1 Bxb2 15. Ng3 Re8 16. Qf3 a5 17. c3 c6 18. Nh5 Qh4 19. h3 Qxh5 20. d6 Ba3
21. Rd4 Bxd6 22. h4 Qxh4 23. Rxd6 Qh2# 0-1

[Event "DVM U10 2013"]
[Site "Magdeburg GER"]
[Date "2013.12.27"]
[Round "1"]
[White "Frank, Cillian"]
[Black "Matthiessen, Linus"]
[Result "0-1"]
[Termination "normal"]
[Board "25.1"]
[WhiteElo "746"]
[BlackElo "1053"]
[WhiteTeam "TuRa Harksheide 2"]
[BlackTeam "SK Blauer Springer Paderborn 2"]
[WhiteFideId "16245202"]
[BlackFideId "16222555"]
[EventCountry "GER"]
[EventRounds "6"]
[EventType "team-swiss"]
[EventDate "2013.12.27"]

1. e4 e6 2. Nf3 d5 3. Nc3 Nf6 4. e5 Nfd7 5. d4 c5 6. dxc5 Bxc5 7. Bb5 Nc6 8.
Bg5 Qc7 9. Qe2 a6 10. Bxc6 bxc6 11. Na4 Qa5+ 12. Nc3 Bb4 13. Bd2 Nc5 14. O-O
Na4 15. Nxa4 Qxa4 16. Bxb4 Qxb4 17. b3 a5 18. a3 Qg4 19. h3 Qg6 20. Qd3 Qxd3
21. cxd3 Ba6 22. d4 Bxf1 23. Kxf1 O-O 24. Rc1 Rfc8 25. b4 h6 26. b5 cxb5 27.
Rc5 Rxc5 28. dxc5 Rc8 29. Ke2 Rxc5 30. Nd4 b4 31. axb4 axb4 32. Kd2 Rc4 33. Kd3
Rc3+ 34. Kd2 Ra3 35. Kc2 f6 36. exf6 gxf6 37. Nxe6 b3+ 38. Kb2 Ra6 39. Nd4 Ra2+
40. Kxb3 Rxf2 41. g4 Rh2 42. Kb4 Rxh3 43. Kc5 Rh4 44. Nf5 Rh3 45. Kxd5 Kf7 46.
Kd6 Rd3+ 47. Kc5 Kg6 48. Kc4 Rf3 49. Kd4 Rxf5 50. gxf5+ Kxf5 51. Ke3 h5 52. Kf3
Kg5 53. Kg3 f5 54. Kf3 f4 55. Kf2 h4 56. Kg2 Kg4 57. Kh2 h3 58. Kg1 Kg3 59. Kf1
h2 60. Ke1 h1=Q+ 61. Kd2 f3 62. Ke3 f2 63. Ke2 f1=R 64. Ke3 Qf3+ 65. Kd4 Re1
66. Kc4 Qc6+ 67. Kd4 Qd6+ 68. Kc4 Rc1+ 69. Kb5 Qb8+ 70. Ka5 Ra1# 0-1

[Event "DVM U10 2013"]
[Site "Magdeburg GER"]
[Date "2013.12.27"]
[Round "1"]
[White "Schmidtmann, Kimberly"]
[Black "Löding, Sarah-Marie"]
[Result "1-0"]
[Termination "normal"]
[Board "25.2"]
[WhiteElo "1310"]
[BlackElo "713"]
[WhiteTeam "SK Blauer Springer Paderborn 2"]
[BlackTeam "TuRa Harksheide 2"]
[WhiteFideId "12967106"]
[BlackFideId "16245164"]
[EventCountry "GER"]
[EventRounds "6"]
[EventType "team-swiss"]
[EventDate "2013.12.27"]

1. e4 e5 2. Nf3 Nc6 3. Bc4 Nf6 4. Ng5 d5 5. exd5 Na5 6. Qe2 Nxc4 7. Qxc4 Nxd5
8. Nc3 Be6 9. d3 Ne3 10. Qa4+ c6 11. Bxe3 f6 12. Nxe6 Qe7 13. Nxf8 Qxf8 14. Bb6
Kf7 15. Be3 Qe8 16. Qb3+ Kf8 17. Bc5+ Qe7 18. Bxe7+ Kxe7 19. O-O-O Rhg8 20. d4
Rad8 21. dxe5 fxe5 22. Qb4+ Kf7 23. Qxb7+ Kf6 24. Qxc6+ Kf5 25. g4+ Kxg4 26.
f3+ Kf5 27. Rxd8 Rxd8 28. Qe4+ Kf6 29. Qh4+ g5 30. Qh6+ Kf5 31. Qxh7+ Kf4 32.
Qxa7 Kf5 33. a4 Rd4 34. a5 Kf4 35. Ne2+ Ke3 36. Nxd4 exd4 37. Re1+ Kxf3 38.
Qxd4 Kg2 39. a6 Kxh2 40. a7 Kg3 41. a8=Q g4 42. Rg1+ Kh4 43. Qxg4# 1-0

[Event "DVM U10 2013"]
[Site "Magdeburg GER"]
[Date "2013.12.27"]
[Round "1"]
[White "Rößl, Mira"]
[Black "Janke, Julian"]
[Result "0-1"]
[Termination "normal"]
[Board "25.3"]
[WhiteElo "672"]
[BlackElo "894"]
[WhiteTeam "TuRa Harksheide 2"]
[BlackTeam "SK Blauer Springer Paderborn 2"]
[BlackFideId "16229185"]
[EventCountry "GER"]
[EventRounds "6"]
[EventType "team-swiss"]
[EventDate "2013.12.27"]

1. e4 e5 2. Nf3 Nc6 3. Bc4 Nf6 4. O-O Nxe4 5. d3 Nc5 6. Ng5 d5 7. d4 Nxd4 8.
Bb5+ Nxb5 9. Qh5 g6 10. Qf3 Bf5 11. g4 e4 12. Qf4 Bd6 13. Qd2 Ne6 14. Nxe6 fxe6
15. Nc3 Nxc3 16. bxc3 Qh4 17. Qd4 Qxh2# 0-1

[Event "DVM U10 2013"]
[Site "Magdeburg GER"]
[Date "2013.12.27"]
[Round "1"]
[White "Bornemann, Malte"]
[Black "Rößl, Sara"]
[Result "1-0"]
[Termination "normal"]
[Board "25.4"]
[WhiteElo "600"]
[BlackElo "600"]
[WhiteTeam "SK Blauer Springer Paderborn 2"]
[BlackTeam "TuRa Harksheide 2"]
[WhiteFideId "16284470"]
[BlackFideId "16255828"]
[EventCountry "GER"]
[EventRounds "6"]
[EventType "team-swiss"]
[EventDate "2013.12.27"]

1. e4 e5 2. Nf3 Nc6 3. Bc4 Bc5 4. d3 Nf6 5. Ng5 O-O 6. Qf3 Bb4+ 7. c3 Bd6 8.
Be3 h6 9. Nh3 Be7 10. Qd1 d6 11. Qd2 Bxh3 12. gxh3 d5 13. exd5 e4 14. dxe4 Nxe4
15. Qd3 Nd6 16. dxc6 bxc6 17. Nd2 c5 18. Bxc5 c6 19. Qe3 Nf5 20. Qf4 Qc8 21.
Bxe7 Re8 22. O-O Rxe7 23. Rae1 g5 24. Qf3 Rd7 25. Qxf5 Kg7 26. Bb3 a6 27. Bc2
Rb8 28. Qh7+ Kf6 29. Ne4+ Ke5 30. Nc5+ Kd5 31. Nxd7 Qxd7 32. Rd1+ Ke6 33. Rxd7
Kxd7 34. Bf5+ Ke8 35. Qh8+ Ke7 36. Qxb8 Kf6 37. Re1 Kxf5 38. Qe5+ 1-0